000
00315 a2200109 4500
001
ART_18418
005
20260410161701.0
008
260409a
245
1
0
_a
La retención de ganancias en los sueldos
100
1
_a
Ceteri, José Luis
773
0
_t
Revista Impuestos
_g
- Nº 1 (ene. 2013)
_w
REV639
999
_c
15225
_d
15225